Learning Resource and Development

Catholic catechism : (Record no. 20118)

MARC details
000 -LEADER
fixed length control field 01004cam a2200229Ia 4500
001 - CONTROL NUMBER
control field catholiccatechis00aust
003 - CONTROL NUMBER IDENTIFIER
control field CaSfIA
005 - DATE AND TIME OF LATEST TRANSACTION
control field 20230525154928.0
007 - PHYSICAL DESCRIPTION FIXED FIELD--GENERAL INFORMATION
fixed length control field cr||||
008 - FIXED-LENGTH DATA ELEMENTS--GENERAL INFORMATION
fixed length control field 920205m19629999at a b 000 0 eng d
040 ## - CATALOGING SOURCE
Original cataloging agency BIC
Transcribing agency BIC
Modifying agency OCL
-- OCLCQ
-- CaSfIA
035 ## - SYSTEM CONTROL NUMBER
System control number (OCoLC)25222875
092 ## - LOCALLY ASSIGNED DEWEY CALL NUMBER (OCLC)
Classification number 210.6
Item number A938c
245 00 - TITLE STATEMENT
Title Catholic catechism :
Medium [electronic resource]
Remainder of title teacher's book /
Statement of responsibility, etc. issued by order of the Australian Bishops' Committee for Education.
260 ## - PUBLICATION, DISTRIBUTION, ETC.
Place of publication, distribution, etc. [Sydney] Australia :
Name of publisher, distributor, etc. Dwyer :
-- Huntington, Ind. :
-- Our Sunday Visitor,
Date of publication, distribution, etc. 1975-, c1962-
300 ## - PHYSICAL DESCRIPTION
Extent v. :
Other physical details ill. ;
Dimensions 25 cm.
504 ## - BIBLIOGRAPHY, ETC. NOTE
Bibliography, etc. note Includes bibliographical references (v. 1, p. 241-242 ; v. 2, p. 371-374).
650 #0 - SUBJECT ADDED ENTRY--TOPICAL TERM
Topical term or geographic name entry element Catechisms.
710 2# - ADDED ENTRY--CORPORATE NAME
Corporate name or jurisdiction name as entry element Australian Bishops' Committee for Education.
856 41 - ELECTRONIC LOCATION AND ACCESS
Uniform Resource Identifier <a href="http://www.archive.org/details/catholiccatechis00aust">http://www.archive.org/details/catholiccatechis00aust</a>
Public note Free eBook from the Internet Archive
856 42 - ELECTRONIC LOCATION AND ACCESS
Uniform Resource Identifier <a href="http://www.openlibrary.org/books/OL24404669M">http://www.openlibrary.org/books/OL24404669M</a>
Public note Additional information and access via Open Library
Holdings
Withdrawn status Lost status Damaged status Not for loan Collection Home library Current library Date acquired Total Checkouts Date last seen Price effective from Koha item type
        Project Gutenberg Main Library Main Library 05/25/2023   05/25/2023 05/25/2023 EBooks